| 000 | 00625nam a2200205Ii 4500 | ||
|---|---|---|---|
| 003 | JO-AjNU | ||
| 008 | 230606s9999||||xx |||||||||||||| ||und|| | ||
| 020 | _a978-81-203-4685-7 | ||
| 040 |
_aJO-AjNU _beng _erda _cJO-AjNU |
||
| 041 | _aeng | ||
| 050 | 1 | 4 | _aQA372.C6.2013 |
| 100 | 3 |
_aCoddington,Earl a, _eauthor _93773 |
|
| 245 | 0 | 0 | _aLinear Ordinary Differential Eguations |
| 264 | 3 | 1 | _aNEWDELH:IPHILEARNING PRIVATE LIMITED:,2010 |
| 300 | _a338p | ||
| 336 |
_atext _btxt _2rdacontent |
||
| 337 |
_aunmediated _bn _2rdamedia |
||
| 338 |
_avolume _bnc _2rdacarrier |
||
| 650 | 4 |
_aL inear Ordinary Differential Eguations _93774 |
|
| 999 |
_aE1969 _c1969 _d1969 |
||